000 02140cam a22004577a 4500
999 _c529871
_d529871
001 13973716
003 NUST
005 20191004104541.0
008 050518s2005 dcuab b 000 0 eng d
010 _a 2005927780
020 _a0309097541 (pbk.)
035 _a(OCoLC)ocm64431607
038 _aMSOHAIL
040 _aOSU
_cOSU
_dOSU
_dOHI
_dDLC
042 _alccopycat
050 0 0 _aHE194
_b.C73 2005
050 1 4 _aTE7
_b.N33 no. 350
_aHE194
082 _a0
245 0 0 _aCrash records systems :
_ba synthesis of highway practice.
260 _aWashington, D.C. :
_bTransportation Research Board,
_c2005.
300 _a35 p. :
_bill., map ;
_c28 cm.
490 1 _aNCHRP synthesis,
_x0547-5570 ;
_v350
500 _aAt head of title: National Cooperative Highway Research Program.
504 _aIncludes bibliographical references (p. 30-31).
530 _aAlso available online from Transportation Research Board's web site; Adobe Acrobat Reader required.
536 _a"Research sponsored by the American Association of State Highway and Transportation Officials in cooperation with the Federal Highway Administration."
_fProject 20-5 FY 2003 (Topic 35-03)
650 0 _aTransportation accidents
_xInvestigation
_xData processing.
_922855
650 0 _aTraffic accident investigation
_xData processing.
_922856
650 0 _aTraffic safety
_xResearch
_xData processing.
_922857
650 0 _aTransportation
_xSafety measures.
_922858
710 2 _aNational Cooperative Highway Research Program.
_920864
710 2 _aAmerican Association of State Highway and Transportation Officials.
_919553
710 1 _aUnited States.
_bFederal Highway Administration.
_920149
710 2 _aNational Research Council (U.S.).
_bTransportation Research Board.
_922859
830 0 _aSynthesis of highway practice ;
_v350.
_922860
856 4 1 _uhttp://onlinepubs.trb.org/onlinepubs/nchrp/nchrp%5Fsyn%5F350.pdf
_zConnect to title (Online)
906 _a7
_bcbc
_ccopycat
_d2
_eepcn
_f20
_gy-gencatlg
942 _2ddc
_cBK